000 00896nam a2200229Ii 4500
003 JO-AjNU
008 230605s9999||||xx |||||||||||||| ||und||
017 _a2005/22262
020 _a977-04-4833-8
040 _aJO-AjNU
_bara
_erda
_cJO-AjNU
041 _aara
050 1 4 _aK5436.2009
100 3 _a سلطان ، خالد رمضان عبدالعال ,
_eauthor
_932299
245 0 0 _aالحق في الصمت اثناء التحقيقات الجنائية " دراسة مقارنة "
250 _a(د،ط)
264 3 1 _aالقاهرة : دار النهضة العربية ، 2009
300 _a418ص
_bبشتمل على ببلوغرافيا ص ( 381 - 406 )
336 _atext
_btxt
_2rdacontent
337 _aunmediated
_bn
_2rdamedia
338 _avolume
_bnc
_2rdacarrier
650 4 _aقوانين -- الحق في الصمت أثناء التحقيقات الجنائية
_932300
999 _aA13023
_c16591
_d16591